Banzai! : japanische Heldengeschichten aus alter und neuer Zeit /

Hlavní autor: Italiaander, Rolf, 1913-1991
Jazyk: Němčina
Vydáno: Berlin : D. Wehrmacht, 1943
Fyzický popis: 138 s.
Knihy
Uloženo v:
LEADER 00613nam a22001932a 4500
001 001094406
003 CZ BrMZK
005 20100824130528.0
007 ta
008 100427s1943 gw er|||||||||||ger d
040 |a BOA001  |b cze 
100 1 |a Italiaander, Rolf,  |d 1913-1991  |7 skuk0003176  |4 aut 
245 1 0 |a Banzai! :  |b japanische Heldengeschichten aus alter und neuer Zeit /  |c Rolf Italiaander 
260 |a Berlin :  |b D. Wehrmacht,  |c 1943 
300 |a 138 s. 
910 |a BOA001  |b 1-0282.249 
990 |a BK 
991 |b 201004 
996 7 |b 2619330280  |c 1-0282.249  |l MZK  |r Sklad / do 1 hodiny  |n 0  |w 001120145  |u 000010  |a 1  |e BOA001  |j MZK50  |s A